[Event "Florianopolis op-B 04"]
[Site "Florianopolis"]
[Date "2023.04.28"]
[Round "1"]
[White "Oliveira, Isaac Rodrigues"]
[Black "Penna, Flavio R Crautchych"]
[Result "0-1"]
[WhiteElo "1406"]
[BlackElo "1764"]
[PlyCount "76"]
[EventDate "2023.04.28"]
[EventType "swiss"]
[EventRounds "6"]
[EventCountry "BRA"]
[SourceTitle "CBM 214 Extra"]
[Source "ChessBase"]
[SourceDate "2023.07.31"]
[SourceVersion "1"]
[SourceVersionDate "2023.07.31"]
[SourceQuality "1"]

1. e4 c5 2. Nf3 d6 3. d4 cxd4 4. Nxd4 Nf6 5. Nc3 a6 6. Be2 e6 7. 0-0 Be7 8. Be3 0-0 9. h3 Qc7 10. Bd3 Nbd7 11. Nb3 Ne5 12. f4 Nxd3 13. cxd3 Bd7 14. Rc1 Qd8 15. Qd2 b5 16. a3 a5 17. Nd4 Qb8 18. Qe2 Rc8 19. Bf2 b4 20. Na2 e5 21. fxe5 dxe5 22. Rxc8+ Qxc8 23. Rc1 Qb7 24. Nf5 Bxf5 25. exf5 bxa3 26. bxa3 Bxa3 27. Rc2 Qb1+ 28. Kh2 h6 29. Bc5 Rc8 30. Nc3 Qb3 31. Bxa3 Nd5 32. Nxd5 Rxc2 33. Qxe5 Qxa3 34. Qe8+ Kh7 35. Ne7 Qd6+ 36. Kg1 Rc1+ 37. Kf2 Qf4+ 38. Ke2 Rc2+ 0-1

[Event "Florianopolis op 9th"]
[Site "Florianopolis"]
[Date "2023.01.25"]
[Round "4"]
[White "Do Nascimento, Carlos Augusto Xavi"]
[Black "Oliveira, Isaac Rodrigues"]
[Result "0-1"]
[WhiteElo "1895"]
[BlackElo "1356"]
[PlyCount "38"]
[EventDate "2023.01.23"]
[EventType "swiss"]
[EventRounds "10"]
[EventCountry "BRA"]
[SourceTitle "CBM 212 Extra"]
[Source "ChessBase"]
[SourceDate "2023.03.31"]
[SourceVersion "1"]
[SourceVersionDate "2023.03.31"]
[SourceQuality "1"]

1. e4 c5 2. Nf3 d6 3. Be2 Nc6 4. 0-0 g6 5. c3 Nf6 6. d3 Bg7 7. h3 0-0 8. Be3 a6 9. Qd2 b5 10. Bh6 Bb7 11. Bxg7 Kxg7 12. Nh2 e5 13. Ng4 Nxg4 14. Bxg4 Ne7 15. f4 exf4 16. Qxf4 f5 17. exf5 Nxf5 18. Bxf5 Rxf5 19. Qg3 Rg5 0-1

[Event "Florianopolis Winter op 6th"]
[Site "Florianopolis"]
[Date "2022.07.15"]
[Round "6"]
[White "Oliveira, Isaac Rodrigues"]
[Black "Correia, Pedro Bavaresco"]
[Result "1/2-1/2"]
[WhiteElo "1275"]
[BlackElo "1794"]
[PlyCount "144"]
[EventDate "2022.07.13"]
[EventType "swiss"]
[EventRounds "9"]
[EventCountry "BRA"]
[SourceTitle "CBM 209 Extra"]
[Source "ChessBase"]
[SourceDate "2022.09.30"]
[SourceVersion "1"]
[SourceVersionDate "2022.09.30"]
[SourceQuality "1"]

1. e4 c5 2. Nf3 d6 3. d4 cxd4 4. Nxd4 Nf6 5. Nc3 a6 6. Bd3 e5 7. Nf3 Bg4 8. Bc4 Be7 9. h3 Bh5 10. g4 Bg6 11. Bd3 Nbd7 12. h4 h6 13. g5 hxg5 14. Bxg5 Qc7 15. Qe2 Bh5 16. Qe3 Qb6 17. Qxb6 Nxb6 18. Be2 Ng4 19. Rd1 Bxg5 20. hxg5 Ke7 21. Nd2 g6 22. Nf1 d5 23. Nxd5+ Nxd5 24. Rxd5 f5 25. f3 Ke6 26. fxg4 Bxg4 27. Rxh8 Rxh8 28. Bxg4 fxg4 29. Rd3 Rh5 30. Rg3 Rxg5 31. Ne3 Rh5 32. Nxg4 Rh1+ 33. Kd2 Ra1 34. a3 Rb1 35. Kc3 Re1 36. Ne3 Kf7 37. Kd2 Rb1 38. b3 b5 39. Nd1 Ra1 40. b4 Kf6 41. Nc3 g5 42. Nd5+ Kg6 43. Nc7 Kh5 44. Ne6 g4 45. Ng7+ Kh4 46. Nf5+ Kg5 47. Ne3 Rxa3 48. Rxg4+ Kh5 49. Rg7 a5 50. Rb7 Ra4 51. Rxb5 axb4 52. Rxe5+ Kg6 53. Rb5 b3 54. c4 Ra2+ 55. Kc3 Re2 56. Kd3 Rb2 57. c5 Rb1 58. c6 b2 59. Nf5 Kf6 60. Ne3 Ke6 61. Kc2 Re1 62. Nd1 Rxe4 63. Rc5 b1Q+ 64. Kxb1 Rb4+ 65. Kc2 Rb8 66. Kc3 Kd6 67. Kd4 Rc8 68. Ne3 Rxc6 69. Nf5+ Kd7 70. Re5 Re6 71. Ra5 Kc6 72. Rc5+ Kb6 1/2-1/2

[Event "Pan American-ch Hybrid U12 31st"]
[Site "Tornelo INT"]
[Date "2021.09.04"]
[Round "5"]
[White "Cunha, Lucas Emanuel"]
[Black "Oliveira, Isaac Rodrigues"]
[Result "0-1"]
[WhiteElo "1198"]
[BlackElo "1229"]
[PlyCount "118"]
[EventDate "2021.09.04"]
[EventType "swiss"]
[EventRounds "9"]
[EventCountry "NET"]
[SourceTitle "EXT 2023"]
[Source "ChessBase"]
[SourceDate "2022.10.05"]
[SourceVersion "1"]
[SourceVersionDate "2022.10.05"]
[SourceQuality "1"]

1. e4 c5 2. Nf3 Nc6 3. Bb5 a6 4. Bxc6 bxc6 5. d3 Nf6 6. 0-0 g6 7. Nc3 Bg7 8. Bf4 0-0 9. Qd2 d6 10. h3 Re8 11. e5 Nd5 12. Nxd5 cxd5 13. exd6 Bxb2 14. Rab1 Bg7 15. dxe7 Qxe7 16. Rfe1 Qd7 17. Qa5 Rxe1+ 18. Rxe1 Qb5 19. Qxb5 axb5 20. Re8+ Bf8 21. Bd6 Bb7 22. Rxa8 Bxa8 23. Bxf8 Kxf8 24. d4 c4 25. c3 Ke7 26. Kf1 f6 27. g4 Ke6 28. Ke2 Bc6 29. a3 h6 30. Nh4 Be8 31. f4 Kd6 32. Kd2 Kc6 33. f5 gxf5 34. Nxf5 Kb6 35. Nxh6 Bg6 36. h4 Ka5 37. Kc1 Ka4 38. Kb2 Ka5 39. Ng8 f5 40. Ne7 f4 41. Kc1 Be4 42. Nf5 f3 43. Kd2 Bd3 44. Ke1 Ka4 45. h5 Kxa3 46. h6 b4 47. h7 b3 48. h8Q b2 49. Qa8+ Kb3 50. Qb7+ Kc2 51. Ne3+ Kc1 52. g5 b1Q 53. Qxb1+ Kxb1 54. Kd2 f2 55. Kd1 f1Q+ 56. Nxf1 Bxf1 57. g6 Bh3 58. g7 Be6 59. Kd2 Kb2 0-1

[Event "Pan American-ch Hybrid U12 31st"]
[Site "Tornelo INT"]
[Date "2021.09.04"]
[Round "7"]
[White "Oliveira, Isaac Rodrigues"]
[Black "Vasquez Florez, Yoshua Marcelo"]
[Result "1-0"]
[WhiteElo "1229"]
[BlackElo "1053"]
[PlyCount "187"]
[EventDate "2021.09.04"]
[EventType "swiss"]
[EventRounds "9"]
[EventCountry "NET"]
[SourceTitle "EXT 2023"]
[Source "ChessBase"]
[SourceDate "2022.10.05"]
[SourceVersion "1"]
[SourceVersionDate "2022.10.05"]
[SourceQuality "1"]

1. e4 c5 2. Nf3 d6 3. d4 cxd4 4. Bb5+ Bd7 5. Bxd7+ Nxd7 6. Nxd4 Ngf6 7. Nc3 e5 8. Nf3 Be7 9. 0-0 0-0 10. Be3 a6 11. Qd2 Nb6 12. b3 Rc8 13. Rac1 Rc6 14. Bxb6 Qxb6 15. Nd5 Nxd5 16. Qxd5 Rc3 17. Nd2 Qc6 18. Nc4 Qxd5 19. exd5 b5 20. Na5 Bg5 21. Rcd1 Rxc2 22. Nb7 Be7 23. a4 Rb2 24. Rb1 Rxb1 25. Rxb1 bxa4 26. bxa4 Rb8 27. Rb3 Bd8 28. Na5 Rxb3 29. Nxb3 f5 30. Kf1 Kf7 31. Ke2 Kf6 32. Nd2 Bc7 33. Nc4 Ke7 34. Ke3 g5 35. g3 h5 36. f3 Bb8 37. Na5 Ba7+ 38. Kd3 Bg1 39. Nc6+ Kf6 40. h3 g4 41. hxg4 hxg4 42. fxg4 e4+ 43. Ke2 fxg4 44. a5 Kf5 45. Nb8 Ke5 46. Nxa6 Kxd5 47. Nb8 Ke6 48. Nc6 d5 49. a6 d4 50. a7 d3+ 51. Kd2 Bxa7 52. Nxa7 Kd5 53. Ke3 Kc4 54. Kd2 Kd4 55. Nc6+ Kd5 56. Ne7+ Ke6 57. Ng6 Kf5 58. Nf4 Ke5 59. Ke3 Kf5 60. Nd5 Ke5 61. Nc3 d2 62. Kxd2 Kd4 63. Ne2+ Kd5 64. Ke3 Ke5 65. Nc3 Kf5 66. Nxe4 Ke5 67. Nf2 Kf5 68. Kd4 Kg5 69. Ke5 Kh5 70. Kf5 Kh6 71. Nxg4+ Kg7 72. Kg5 Kf7 73. Kh6 Kg8 74. Kg6 Kh8 75. Ne5 Kg8 76. Nf7 Kf8 77. g4 Kg8 78. g5 Kf8 79. Nh6 Ke7 80. Kg7 Ke8 81. g6 Ke7 82. Nf5+ Ke8 83. Kg8 Kd7 84. Kf7 Kd8 85. g7 Kd7 86. g8Q Kc6 87. Qg4 Kd5 88. Qd4+ Kc6 89. Ke6 Kc7 90. Qd6+ Kb7 91. Kd7 Ka8 92. Qb4 Ka7 93. Kc7 Ka6 94. Qb6# 1-0

[Event "BRA-ch U16"]
[Site "Florianopolis"]
[Date "2021.07.03"]
[Round "4"]
[White "Oliveira, Isaac Rodrigues"]
[Black "Bittencourt, Arian G Decezare"]
[Result "0-1"]
[WhiteElo "1254"]
[BlackElo "1322"]
[PlyCount "76"]
[EventDate "2021.07.01"]
[EventType "swiss"]
[EventRounds "6"]
[EventCountry "BRA"]
[SourceTitle "CBM 203 Extra"]
[Source "ChessBase"]
[SourceDate "2021.09.30"]
[SourceVersion "1"]
[SourceVersionDate "2021.09.30"]
[SourceQuality "1"]

1. e4 e5 2. Nf3 Nc6 3. Bc4 Bc5 4. c3 Nf6 5. d4 exd4 6. cxd4 Bb4+ 7. Bd2 Nxe4 8. Bxb4 Nxb4 9. Bxf7+ Kxf7 10. Qb3+ d5 11. Ne5+ Ke7 12. Qxb4+ Qd6 13. Qxd6+ Nxd6 14. Nc3 c6 15. 0-0 Re8 16. a4 a5 17. f4 Bf5 18. Rae1 Kf8 19. g4 Be4 20. Nxe4 Nxe4 21. Nd7+ Kg8 22. Nc5 Nxc5 23. dxc5 Kf7 24. Rxe8 Rxe8 25. Kf2 Re4 26. b3 Rxf4+ 27. Ke2 Rxf1 28. Kxf1 Ke6 29. Ke2 d4 30. Kd3 Kd5 31. h4 Kxc5 32. g5 b5 33. h5 bxa4 34. bxa4 Kd5 35. Kd2 c5 36. Ke1 Ke4 37. h6 g6 38. Kd2 c4 0-1

[Event "BRA-ch U16"]
[Site "Florianopolis"]
[Date "2021.07.02"]
[Round "2"]
[White "Silva, Caio Henrique Angel"]
[Black "Oliveira, Isaac Rodrigues"]
[Result "1-0"]
[WhiteElo "1693"]
[BlackElo "1254"]
[PlyCount "81"]
[EventDate "2021.07.01"]
[EventType "swiss"]
[EventRounds "6"]
[EventCountry "BRA"]
[SourceTitle "CBM 203 Extra"]
[Source "ChessBase"]
[SourceDate "2021.09.30"]
[SourceVersion "1"]
[SourceVersionDate "2021.09.30"]
[SourceQuality "1"]

1. d4 Nf6 2. Nf3 e6 3. g3 Nc6 4. Bg2 b6 5. c4 Bb4+ 6. Bd2 Bxd2+ 7. Nbxd2 Bb7 8. e4 d6 9. 0-0 0-0 10. Re1 e5 11. d5 Nb4 12. Qb3 Na6 13. Qc3 c6 14. b4 Rc8 15. Qb2 cxd5 16. cxd5 Qd7 17. Bf1 Rc7 18. Qa3 Nb8 19. Qxa7 Bxd5 20. Qxb6 Rb7 21. Qe3 Ng4 22. Qd3 Bc6 23. a3 Bb5 24. Qb3 Bxf1 25. Nxf1 Na6 26. Qd3 Nc7 27. Red1 Rd8 28. Ne3 Nxe3 29. Qxe3 Qb5 30. Qd3 Qxd3 31. Rxd3 Ra7 32. Nxe5 d5 33. Nc6 Raa8 34. Nxd8 Rxd8 35. exd5 Rxd5 36. Rxd5 Nxd5 37. b5 Kf8 38. a4 Ke7 39. a5 Kd6 40. Rd1 Kc5 41. Rxd5+ 1-0